| 000 -LEADER |
| fixed length control field |
00593nam a22001577a 4500 |
| 003 - CONTROL NUMBER IDENTIFIER |
| control field |
OSt |
| 005 - DATE AND TIME OF LATEST TRANSACTION |
| control field |
20151106095920.0 |
| 008 - FIXED-LENGTH DATA ELEMENTS--GENERAL INFORMATION |
| fixed length control field |
151106b xxu||||| |||| 00| 0 eng d |
| 040 ## - CATALOGING SOURCE |
| Transcribing agency |
RUA |
| 082 ## - DEWEY DECIMAL CLASSIFICATION NUMBER |
| Classification number |
FOR KHO 1997 B124 Or.1 |
| 100 ## - MAIN ENTRY--PERSONAL NAME |
| 9 (RLIN) |
3437 |
| Personal name |
KHOU, EANGHOURT. |
| 245 ## - TITLE STATEMENT |
| Title |
veneersheet and plywood products of kingdom of cambodia (ផលិតផលឈើចំណិតស្តើងនិងឈើក្តាបន្ទះនៅព្រះរាជាណាចក្រកម្ពុជា) |
| 260 ## - PUBLICATION, DISTRIBUTION, ETC. (IMPRINT) |
| Place of publication, distribution, etc. |
Phnom Penh |
| Name of publisher, distributor, etc. |
RUA |
| Date of publication, distribution, etc. |
1997 |
| 300 ## - PHYSICAL DESCRIPTION |
| Extent |
99p. |
| Other physical details |
ill. |
| Dimensions |
29cm. |
| 942 ## - ADDED ENTRY ELEMENTS (KOHA) |
| Source of classification or shelving scheme |
|
| Koha item type |
FOR |